000 00461naa a2200169 4500
001 135660
003 ES-MaBCM
005 20241016182847.0
008 060918s2006 gbr|r0p 0 ||eng d
021 _axx
035 _a(OCoLC)1365206981
040 _cES-MaBCM
245 0 0 _aStill blue
_b: Lake Baikal
650 2 7 _aProtección del medio ambiente
_959954
773 0 _aEn:
_tThe economist
_dLondon
_w104401
_gVol. 380, no. 8494 (2006), p. 30
942 _cAREV
999 _c135660
_d135660